Je te souhaite du bonheur = I wish you happiness /
"An empowering and inclusive children's picture book -- offering children all the wonderful wishes they deserve for a happy, fulfilled, and meaningful life."
| 第一著者: | |
|---|---|
| フォーマット: | 不明 |
| 言語: | English French |
| 出版事項: |
Killara, NSW :
Picco Puppy,
c2020.
|
| 版: | Édition français-anglais. |
| 主題: |
| LEADER | 01911 a2200373 4500 | ||
|---|---|---|---|
| 001 | 43973 | ||
| 003 | BD-DhAAL | ||
| 005 | 20250508162510.0 | ||
| 008 | 250121t2021 |||||||| |||| 00| 0 eng d | ||
| 020 | |a 9781925973969 | ||
| 040 | |a BD-DhAAL |d BD-DhAAL | ||
| 041 | |a fre |a eng | ||
| 082 | |a 813.6 | ||
| 100 | |a Wong, Michael. |9 57573 | ||
| 245 | |a Je te souhaite du bonheur = I wish you happiness / |c Michael Wong ; Ann Baratashvili (Illustrator). | ||
| 246 | |a I wish you happiness | ||
| 250 | |a Édition français-anglais. | ||
| 260 | |a Killara, NSW : |b Picco Puppy, |c c2020. | ||
| 300 | |a 1 volume (unpaged) : |b color illustrations ; |c 22 x 22 cm | ||
| 520 | |a "An empowering and inclusive children's picture book -- offering children all the wonderful wishes they deserve for a happy, fulfilled, and meaningful life." | ||
| 526 | |a BIL |x Dr. Tanjena Sultana Khan, Lecturer, BRAC Institute of Languages (BIL) Course Name : Basic French (FRN 101) | ||
| 541 | |a R K Corporation |e 43973. 43974 | ||
| 546 | |a Parallel text in French and English | ||
| 650 | |a Happiness |v Juvenile fiction. |9 57574 | ||
| 650 | |a Bilingual books. |9 57575 | ||
| 650 | |a Cree language materials |x Bilingual. |9 57576 | ||
| 650 | |a Happiness. | ||
| 650 | |a Fiction. | ||
| 650 | |a French language materials |x Bilingual. |9 57503 | ||
| 852 | |a Ayesha Abed Library | ||
| 942 | |2 ddc |c BK | ||
| 999 | |c 47203 |d 47203 | ||
| 952 | |0 0 |1 0 |2 ddc |4 0 |6 813_600000000000000_WON |7 0 |9 77192 |a BIL |b BIL |d 2025-01-13 |e R K Corporation |g 4390.00 |l 0 |o 813.6 WON |p 3010043974 |r 2025-01-13 |t 2 |v 4390.00 |w 2025-01-13 |y BK |x Requisitioned by Dr. Tanjena Sultana Khan for the course named- "Basic French (FRN 101)". | ||
| 952 | |0 0 |1 0 |2 ddc |4 0 |6 813_600000000000000_WON |7 0 |9 77193 |a BIL |b BIL |d 2025-01-13 |e R K Corporation |g 4390.00 |l 0 |o 813.6 WON |p 3010043973 |r 2025-01-13 |t 1 |v 4390.00 |w 2025-01-13 |y BK |x Requisitioned by Dr. Tanjena Sultana Khan for the course named- "Basic French (FRN 101)". | ||